Partial differential equations in engineering problems
Guardat en:
| Autor principal: | |
|---|---|
| Format: | Llibre |
| Idioma: | anglès |
| Publicat: |
Englewood Cliffs
Prentice-Hall
1964
|
| Matèries: | |
| Etiquetes: |
Afegir etiqueta
Sense etiquetes, Sigues el primer a etiquetar aquest registre!
|
MARC
| LEADER | 00000nam a2200000 a 4500 | ||
|---|---|---|---|
| 001 | UCU2570 | ||
| 003 | CL-VaPUC | ||
| 008 | 960426e19640000us |||||||||||||||||eng|d | ||
| 082 | 0 | 4 | |a 515.353 |b MIL |2 21 |
| 100 | |a Miller, Kenneth S. |e autor |9 564143 | ||
| 245 | 1 | 0 | |a Partial differential equations in engineering problems |
| 300 | |a 254 p | ||
| 942 | |c BK | ||
| 945 | |d 19960426 00:00:00 |a cmena | ||
| 260 | |a Englewood Cliffs |b Prentice-Hall |c 1964 | ||
| 650 | 0 | |a Ecuaciones diferenciales |9 260083 | |
| 650 | 0 | |a Análisis de Fourier |9 260464 | |
| 650 | 0 | |a Cálculo diferencial |9 260102 | |
| 650 | 0 | |a Cálculo |9 260234 | |
| 650 | 0 | |a Ecuaciones |9 260137 | |
| 650 | 0 | |a Análisis numérico |9 259387 | |
| 583 | |a last modification |c 20150423 05:28:46 |k Rodrigo Vera | ||
| 999 | |c 246832 |d 246830 | ||
| 952 | |0 0 |1 0 |4 0 |6 515_353000000000000_MIL_1964 |7 0 |8 A |9 262118 |a BIBING |b BIBING |d 2019-11-19 |i 1646931 |o 515.353 MIL 1964 |p 1646931 |r 2025-01-20 |w 2019-11-19 |y BK |k EIQ | ||